| 000 | 00724nam a2200265Ia 4500 | ||
|---|---|---|---|
| 001 | Para_9126 | ||
| 003 | CHAP | ||
| 008 | 220125s2005 xx 000 0 und d | ||
| 010 | _a207879 | ||
| 040 | _cCHAP | ||
| 082 | _aPA 646.7 U5 | ||
| 110 | 2 |
_aUniversidad Autónoma Chapingo _9143749 |
|
| 245 |
_aCuéntame tu historia, mujer / _c por UACh |
||
| 260 |
_aChapingo, Méx. : _b Universidad Autónoma Chapingo |
||
| 300 | _a312 p. | ||
| 650 |
_aMotivación (psicología) _979090 |
||
| 650 |
_aSuperación personal _9143097 |
||
| 901 | _aPA 646.7 U5 | ||
| 902 | _aM | ||
| 905 | _a0000002005 0000000000spa00 | ||
| 910 | _a2005 | ||
| 942 | _cPARA | ||
| 942 |
_cPARA _d1 |
||
| 999 |
_c207879 _d207879 |
||